| 000 | 00658nam a2200205Ia 4500 | ||
|---|---|---|---|
| 003 | OSt | ||
| 005 | 20250409113124.0 | ||
| 008 | 210210b1972 xxu||||| |||| 00| 0 eng d | ||
| 040 | _cAL | ||
| 041 | _aKannada | ||
| 082 | _a039.4K KANN | ||
| 100 |
_aKANNADA ADHYAYANA SAMSTE _987516 _bಕನ್ನಡ ಅಧ್ಯಯನ ಸಂಸ್ಥೆ |
||
| 245 |
_aKannada vishvakosha: samputa 4 _bಕನ್ನಡ ವಿಶ್ವಕೋಶ : ಸಂಪುಟ ೪ |
||
| 260 |
_aMysuru _bKannada Adyayana samsthe, Mysore Vishvavidyanilaya., _c1972 |
||
| 300 | _aviii,952 | ||
| 440 |
_a4 _987517 |
||
| 690 |
_aEncyclopaedia _987518 |
||
| 906 | _aCC00057 | ||
| 942 |
_2ddc _cBK |
||
| 999 |
_c109390 _d109390 |
||